| 000 | 00684cab a2200217 4500 | ||
|---|---|---|---|
| 001 | WB2940-31 | ||
| 008 | 090401t1993 xxu||||| |||| 00| 0 eng d | ||
| 035 | _a(Sirsi) u58920 | ||
| 041 | _aeng | ||
| 245 | _aAssisted areas | ||
| 260 | _c1993 | ||
| 350 | _a0 | ||
| 490 |
_aCSW - The Property Week _v45(4) 28 October 1993, 56(1) |
||
| 520 | _aGrants to companies in assisted areas ranging from £2,000 to £6.8m are available from the Department of Trade and Industry. | ||
| 650 | _aASSISTED AREAS | ||
| 650 | _aREGIONAL SELECTIVE ASSISTANCE | ||
| 690 | _aPROPERTY-PROPERTY FINANCE AND INVESTMENT | ||
| 690 | _aPLANNING LAW AND PRACTICE | ||
| 942 | _n0 | ||
| 948 | _c04/03/1997 | ||
| 999 |
_c36047 _d36047 |
||